[Event "Recife Arraes Memorial 7th"]
[Site "Recife"]
[Date "2014.08.31"]
[Round "5"]
[White "Mosquera, Ariday"]
[Black "Da Silva, Douglas Batista"]
[Result "1-0"]
[WhiteElo "1700"]
[BlackElo "1825"]
[PlyCount "39"]
[EventDate "2014.08.29"]
[EventType "swiss"]
[EventRounds "6"]
[EventCountry "BRA"]
[SourceTitle "EXT 2015"]
[Source "ChessBase"]
[SourceDate "2014.11.20"]
[SourceVersion "1"]
[SourceVersionDate "2014.11.20"]
[SourceQuality "1"]

1. e4 e5 2. f4 exf4 3. Nf3 d5 4. exd5 Nf6 5. c4 c6 6. dxc6 Nxc6 7. d4 Be7 8. d5 Nb4 9. Bxf4 0-0 10. d6 Qa5 11. Nc3 Bd8 12. a4 Nc6 13. b4 Qf5 14. Qd2 Re8+ 15. Be2 Ne4 16. Nxe4 Qxe4 17. 0-0 Qxe2 18. Rfe1 Qxe1+ 19. Rxe1 Rxe1+ 20. Qxe1 1-0